[Event "Coimbra op"]
[Site "Coimbra"]
[Date "2015.05.02"]
[Round "4"]
[White "Silva, Mariana Sofia Teixe"]
[Black "Blanco Sanchez, Jose Fernando"]
[Result "1/2-1/2"]
[WhiteElo "1742"]
[BlackElo "2062"]
[PlyCount "72"]
[EventDate "2015.04.30"]
[EventType "swiss"]
[EventRounds "7"]
[EventCountry "POR"]
[SourceTitle "CBM 166 Extra"]
[Source "ChessBase"]
[SourceDate "2015.06.18"]
[SourceVersion "1"]
[SourceVersionDate "2015.06.18"]
[SourceQuality "1"]

1. e4 c6 2. d4 d5 3. Nc3 dxe4 4. Nxe4 Nf6 5. Nxf6+ gxf6 6. c3 Bf5 7. Nf3 Qc7 8. g3 Nd7 9. Bf4 e5 10. Be3 0-0-0 11. Bg2 Nb6 12. Nd2 Nd5 13. 0-0 Qd7 14. Qa4 Kb8 15. Ne4 Be7 16. Rfe1 h5 17. dxe5 Nxe3 18. Rxe3 fxe5 19. h4 Bg4 20. c4 f5 21. Nc3 f4 22. Ree1 fxg3 23. fxg3 Qd3 24. Kh2 Rhg8 25. Ne4 Rd4 26. Rac1 Rxe4 27. Bxe4 Qd2+ 28. Bg2 Bxh4 29. Qb3 Be2 30. Rxe2 Qxc1 31. gxh4 Qf4+ 32. Kg1 Qc1+ 33. Kh2 Qf4+ 34. Kg1 Qc1+ 35. Kf2 Rf8+ 36. Bf3 Qf4 1/2-1/2

[Event "Coimbra op"]
[Site "Coimbra"]
[Date "2015.04.30"]
[Round "1"]
[White "Blanco Sanchez, Jose Fernando"]
[Black "Paiva, Henrique MA Alberg"]
[Result "1/2-1/2"]
[WhiteElo "2062"]
[BlackElo "1785"]
[PlyCount "115"]
[EventDate "2015.04.30"]
[EventType "swiss"]
[EventRounds "7"]
[EventCountry "POR"]
[SourceTitle "CBM 166 Extra"]
[Source "ChessBase"]
[SourceDate "2015.06.18"]
[SourceVersion "1"]
[SourceVersionDate "2015.06.18"]
[SourceQuality "1"]

1. e4 c5 2. Nf3 d6 3. Bb5+ Bd7 4. Bxd7+ Qxd7 5. c4 Nc6 6. d4 cxd4 7. Nxd4 Nf6 8. Nc3 e6 9. 0-0 Be7 10. Nde2 0-0 11. Nf4 Ne5 12. Qe2 Qc6 13. b3 b5 14. Nxb5 Qxe4 15. Qxe4 Nxe4 16. f3 Nc5 17. Be3 a6 18. Nc3 Rfd8 19. Rad1 Bg5 20. Kf2 h6 21. Ke2 Be7 22. Nh3 f5 23. Nf2 g5 24. g4 f4 25. Bxc5 dxc5 26. Rxd8+ Rxd8 27. Rd1 Rxd1 28. Nfxd1 Nc6 29. Ne4 Nd4+ 30. Kf2 Kf7 31. Nb2 a5 32. Nd3 Nc2 33. Ndxc5 Nb4 34. a3 Nc2 35. Ke2 Nd4+ 36. Kf2 Nc2 37. Nb7 Bxa3 38. Nxa5 Nd4 39. c5 Bb4 40. Nc4 Nxb3 41. Ne5+ Ke8 42. c6 Ba5 43. Nc4 Bc7 44. Ned6+ Ke7 45. Nb5 Kd8 46. Nxc7 Kxc7 47. Ne5 Nd4 48. Nf7 Nxc6 49. Nxh6 Ne5 50. Ng8 Kd7 51. Nf6+ Ke7 52. Ne4 Nf7 53. Kg2 Kf8 54. h4 gxh4 55. Kh3 Kg7 56. Kxh4 Kg6 57. Kh3 Ng5+ 58. Nxg5 1/2-1/2

[Event "Madrid-ch sf-A"]
[Site "Madrid"]
[Date "2015.03.23"]
[Round "7"]
[White "Blanco Sanchez, Jose Fernando"]
[Black "Garcia Ruiz, Fuentes Aitor"]
[Result "0-1"]
[WhiteElo "2062"]
[BlackElo "2007"]
[PlyCount "68"]
[EventDate "2015.03.09"]
[EventType "swiss"]
[EventRounds "9"]
[EventCountry "ESP"]
[SourceTitle "CBM 165 Extra"]
[Source "ChessBase"]
[SourceDate "2015.04.21"]
[SourceVersion "1"]
[SourceVersionDate "2015.04.21"]
[SourceQuality "1"]

1. e4 c5 2. Nf3 d6 3. Bb5+ Nc6 4. 0-0 Bd7 5. Re1 Nf6 6. c3 a6 7. Bf1 Bg4 8. d3 e5 9. Na3 Be7 10. Nc4 0-0 11. Ne3 Be6 12. d4 exd4 13. cxd4 cxd4 14. Nf5 Bxf5 15. exf5 Qb6 16. Bg5 d5 17. Bd3 Rfe8 18. Qd2 Ne4 19. Bxe4 Bb4 20. Qf4 Bxe1 21. Bxd5 Bxf2+ 22. Kxf2 Qxb2+ 23. Kg3 Qxa1 24. f6 d3 25. Qc7 Nd8 26. Qc4 Ne6 27. Bh4 gxf6 28. Qxd3 Ng5 29. Bxg5 fxg5 30. Bxf7+ Kxf7 31. Nxg5+ Kf6 32. Nxh7+ Ke5 33. Ng5 Qe1+ 34. Kg4 Qb4+ 0-1

[Event "Madrid-ch sf-A"]
[Site "Madrid"]
[Date "2015.03.18"]
[Round "6"]
[White "Fernandez Aransay, Fernando"]
[Black "Blanco Sanchez, Jose Fernando"]
[Result "0-1"]
[WhiteElo "1896"]
[BlackElo "2062"]
[PlyCount "88"]
[EventDate "2015.03.09"]
[EventType "swiss"]
[EventRounds "9"]
[EventCountry "ESP"]
[SourceTitle "CBM 165 Extra"]
[Source "ChessBase"]
[SourceDate "2015.04.21"]
[SourceVersion "1"]
[SourceVersionDate "2015.04.21"]
[SourceQuality "1"]

1. e4 c6 2. d4 g6 3. Bd3 Bg7 4. c3 d6 5. Nf3 e5 6. 0-0 Ne7 7. Be3 0-0 8. h3 Nd7 9. dxe5 dxe5 10. Na3 Qc7 11. Qb3 h6 12. Nc4 b5 13. Na3 Nb6 14. Rac1 a5 15. Qd1 g5 16. c4 b4 17. c5 Nd7 18. Nc4 Ng6 19. Nd6 Ba6 20. Bxa6 Rxa6 21. Qd3 Raa8 22. Rfd1 Rfd8 23. Qc4 Ndf8 24. Rd2 Ne6 25. Rcd1 Kh7 26. g3 Qe7 27. Kg2 Qf6 28. Nf5 Bf8 29. Rd3 Ne7 30. Nd6 Ng6 31. Nh2 h5 32. Qc1 Be7 33. Nf3 Rg8 34. Kh2 Qxf3 35. Bxg5 Qxf2+ 36. Kh1 Bxg5 37. Rf1 Bxc1 38. Rxf2 Ngf4 39. gxf4 Bxf4 40. Nxf7 Nxc5 41. Rxf4 exf4 42. Rf3 Nxe4 43. Rxf4 Raf8 44. h4 Kg7 0-1

[Event "Madrid Oliver Gonzalez Memorial-A 3rd"]
[Site "Madrid"]
[Date "2012.09.05"]
[Round "5"]
[White "Santos, Jose Alves"]
[Black "Blanco Sanchez, Jose Fernando"]
[Result "1-0"]
[WhiteElo "2265"]
[BlackElo "2107"]
[PlyCount "61"]
[EventDate "2012.09.01"]
[EventType "swiss"]
[EventRounds "9"]
[EventCountry "ESP"]
[SourceTitle "CBM 150 Extra"]
[Source "ChessBase"]
[SourceDate "2012.10.19"]
[SourceVersion "1"]
[SourceVersionDate "2012.10.19"]
[SourceQuality "1"]

1. e4 c6 2. d4 d5 3. exd5 cxd5 4. Bd3 Nc6 5. c3 g6 6. Bf4 Bg7 7. Nf3 f6 8. 0-0 Nh6 9. c4 Bg4 10. cxd5 Bxf3 11. Qxf3 Nxd4 12. Qe3 Ndf5 13. Qh3 0-0 14. Nc3 Qc8 15. Ne4 Nf7 16. Rac1 Qd8 17. g4 N5d6 18. Nc5 Qa5 19. Ne6 Rfc8 20. Rce1 Re8 21. a3 Rac8 22. Qf3 Bh6 23. h4 Bxf4 24. Nxf4 Ne5 25. Qe2 Nxd3 26. Qxd3 Rc4 27. Qf3 Qd2 28. Re3 Rec8 29. Nd3 Rd4 30. Rd1 Nc4 31. Rxd2 1-0

[Event "FICGS rapid A 000110 email"]
[Site "FICGS email"]
[Date "2011.07.16"]
[Round "1"]
[White "Domingo Gadea, Jordi"]
[Black "Blanco Sanchez, Jose Fernando"]
[Result "1/2-1/2"]
[WhiteElo "1920"]
[BlackElo "1942"]
[PlyCount "75"]
[EventDate "2011.??.??"]
[EventType "tourn (rapid)"]
[EventRounds "6"]
[SourceTitle "Corr 2013"]
[Source "ChessBase"]
[SourceDate "2012.11.12"]
[SourceVersion "1"]
[SourceVersionDate "2012.11.12"]
[SourceQuality "1"]

1. e4 c5 2. Nf3 g6 3. d4 cxd4 4. Nxd4 Nc6 5. c4 Nf6 6. Nc3 d6 7. Be2 Nxd4 8. Qxd4 Bg7 9. Be3 0-0 10. Qd2 Be6 11. Rc1 Qa5 12. f3 Rfc8 13. b3 a6 14. Na4 Qxd2+ 15. Kxd2 Nd7 16. g4 f5 17. exf5 gxf5 18. h3 Rf8 19. f4 Rad8 20. Nc3 d5 21. cxd5 Bxd5 22. Nxd5 Nf6 23. Bb6 Rxd5+ 24. Ke3 Rd6 25. Bc7 Nd5+ 26. Kf3 Rd7 27. Bc4 b5 28. Bxd5+ Rxd5 29. Rhd1 Rxd1 30. Rxd1 Rc8 31. Rd8+ Rxd8 32. Bxd8 e6 33. Ke3 h6 34. Bb6 h5 35. g5 e5 36. fxe5 Bxe5 37. Bd4 Bh2 38. Kf3 1/2-1/2

[Event "FICGS rapid A 000110 email"]
[Site "FICGS email"]
[Date "2011.07.16"]
[Round "1"]
[White "Ould Ahmed, Samy"]
[Black "Blanco Sanchez, Jose Fernando"]
[Result "0-1"]
[WhiteElo "1939"]
[BlackElo "1942"]
[PlyCount "96"]
[EventDate "2011.??.??"]
[EventType "tourn (rapid)"]
[EventRounds "6"]
[SourceTitle "Corr 2013"]
[Source "ChessBase"]
[SourceDate "2012.11.12"]
[SourceVersion "1"]
[SourceVersionDate "2012.11.12"]
[SourceQuality "1"]

1. e4 c5 2. Nf3 g6 3. d4 cxd4 4. Nxd4 Nc6 5. Nc3 Bg7 6. Be3 Nf6 7. Bc4 0-0 8. Bb3 a5 9. 0-0 d6 10. Ndb5 Ng4 11. Bg5 h6 12. Bd2 Nge5 13. h3 Nd7 14. Be3 Nc5 15. Bc4 Ne5 16. Be2 b6 17. f4 Ned7 18. Bd4 Bb7 19. Bxg7 Kxg7 20. Qd4+ Nf6 21. Bf3 Ne6 22. Qe3 Qc8 23. Rad1 Rb8 24. e5 dxe5 25. fxe5 Nd7 26. Qe2 Ba6 27. Rf2 Ndc5 28. Qe3 Ng5 29. Bd5 Na4 30. h4 Nxc3 31. Nxc3 Ne6 32. Qg3 Bc4 33. h5 b5 34. Bxc4 bxc4 35. b3 Qc5 36. Ne4 Qc6 37. Nc3 cxb3 38. axb3 Ng5 39. Rd4 Rb4 40. Rd3 gxh5 41. Nd5 Rg4 42. Qe3 Re8 43. Nf4 Kh7 44. Rd4 Qb6 45. e6 Nxe6 46. Nxe6 Qxe6 47. Qxe6 fxe6 48. Rd7 Re4 0-1

[Event "FICGS rapid A 000110 email"]
[Site "FICGS email"]
[Date "2011.07.16"]
[Round "1"]
[White "Velasco, Josep"]
[Black "Blanco Sanchez, Jose Fernando"]
[Result "1/2-1/2"]
[WhiteElo "1948"]
[BlackElo "1942"]
[PlyCount "104"]
[EventDate "2011.??.??"]
[EventType "tourn (rapid)"]
[EventRounds "6"]
[SourceTitle "Corr 2013"]
[Source "ChessBase"]
[SourceDate "2012.11.12"]
[SourceVersion "1"]
[SourceVersionDate "2012.11.12"]
[SourceQuality "1"]

1. d4 Nf6 2. c4 e6 3. Nf3 Bb4+ 4. Bd2 Qe7 5. g3 Nc6 6. Nc3 Bxc3 7. Bxc3 Ne4 8. Rc1 0-0 9. Bg2 d6 10. d5 Nxc3 11. Rxc3 Nb8 12. dxe6 fxe6 13. 0-0 Nd7 14. Qd2 Nf6 15. Ng5 Rb8 16. Re3 Ng4 17. Rf3 Nf6 18. Qa5 a6 19. Ne4 b6 20. Qa4 Bb7 21. Nxf6+ Rxf6 22. Rxf6 Bxg2 23. Rxe6 Qxe6 24. Kxg2 Qe4+ 25. Kg1 b5 26. Qxa6 bxc4 27. b3 cxb3 28. axb3 Qc2 29. Ra1 Qxb3 30. Rc1 Qd5 31. Qa7 Re8 32. Qxc7 Rxe2 33. Qc8+ Kf7 34. Qg4 Re7 35. Rd1 Qc6 36. Qf4+ Kg8 37. Qb4 Re6 38. Qb3 Kf7 39. h4 Kf6 40. Kh2 Qc5 41. Rd2 h6 42. Qb7 Kg6 43. Kg2 Qc4 44. h5+ Kh7 45. Qd5 Qxd5+ 46. Rxd5 Kg8 47. Rf5 Rf6 48. Rxf6 gxf6 49. g4 f5 50. Kf3 Kf7 51. gxf5 Kf6 52. Ke4 d5+ 1/2-1/2

[Event "FICGS class B 000126 email"]
[Site "FICGS email"]
[Date "2010.10.04"]
[Round "1"]
[White "Blanco Sanchez, Jose Fernando"]
[Black "Faust, Dieter"]
[Result "1-0"]
[WhiteElo "1800"]
[BlackElo "1855"]
[PlyCount "61"]
[EventDate "2010.??.??"]
[EventType "tourn (corr)"]
[EventRounds "4"]
[SourceTitle "Corr 2013"]
[Source "ChessBase"]
[SourceDate "2012.11.12"]
[SourceVersion "1"]
[SourceVersionDate "2012.11.12"]
[SourceQuality "1"]

1. e4 c6 2. d4 d5 3. exd5 cxd5 4. Bd3 Nf6 5. c3 Bg4 6. Qb3 Qd7 7. Bf4 Nc6 8. Nd2 g6 9. Ngf3 Nh5 10. Be3 Bf5 11. Bxf5 gxf5 12. Ne5 Nxe5 13. dxe5 Rg8 14. 0-0 f4 15. e6 fxe6 16. Qd1 Rg5 17. Nf3 Rf5 18. Bd4 Bg7 19. Re1 Qd6 20. Qe2 Bf6 21. Bxf6 Rxf6 22. Qb5+ Qc6 23. Qd3 h6 24. Ne5 Qa6 25. Qh7 0-0-0 26. Nf3 Qc6 27. Re5 Qe8 28. Rae1 Rd6 29. Nd4 f3 30. g3 Kd7 31. c4 1-0

[Event "Collado Villalba op-A 25th"]
[Site "Collado Villalba"]
[Date "2008.08.28"]
[Round "7"]
[White "Elissalt Cardenas, Hector"]
[Black "Blanco Sanchez, Jose Fernando"]
[Result "1-0"]
[WhiteElo "2317"]
[BlackElo "2169"]
[PlyCount "67"]
[EventDate "2008.08.22"]
[EventType "swiss"]
[EventRounds "9"]
[EventCountry "ESP"]
[SourceTitle "CBM 126 Extra"]
[Source "ChessBase"]
[SourceDate "2008.11.05"]
[SourceVersion "1"]
[SourceVersionDate "2008.11.05"]
[SourceQuality "1"]

1. c4 Nf6 2. Nc3 e5 3. g3 d6 4. Bg2 Nc6 5. d3 Be7 6. e4 Nd7 7. Nge2 Nc5 8. Be3 Ne6 9. Nd5 Ncd4 10. Nxe7 Qxe7 11. Nc3 c6 12. 0-0 0-0 13. f4 f6 14. f5 Nc7 15. g4 g5 16. Qd2 Rb8 17. Qf2 Bd7 18. Bxd4 exd4 19. Qxd4 c5 20. Qf2 b5 21. b3 a5 22. Nd5 Nxd5 23. exd5 Qe5 24. Rae1 Qc3 25. Qg3 Rb6 26. Re7 Rf7 27. Rfe1 bxc4 28. dxc4 Qxg3 29. hxg3 Kf8 30. R7e3 Rb8 31. Bf3 Kg7 32. Kf2 Rff8 33. Bd1 Rfe8 34. Re7+ 1-0

[Event "Madrid-ch"]
[Site "Madrid"]
[Date "2008.02.28"]
[Round "3.3"]
[White "Candela Perez, Jose"]
[Black "Blanco Sanchez, Jose Fernando"]
[Result "1-0"]
[WhiteElo "2407"]
[BlackElo "2155"]
[PlyCount "83"]
[EventDate "2008.02.26"]
[EventType "swiss"]
[EventRounds "11"]
[EventCountry "ESP"]
[SourceTitle "EXT 2024"]
[Source "ChessBase"]
[SourceDate "2023.10.10"]
[SourceVersion "1"]
[SourceVersionDate "2023.10.10"]
[SourceQuality "1"]

1. d4 Nf6 2. c4 e5 3. dxe5 Ne4 4. a3 Nc6 5. Nf3 d6 6. Qc2 d5 7. Nc3 Nxc3 8. Qxc3 d4 9. Qd3 Bg4 10. Bf4 Qd7 11. h3 Bh5 12. g3 Bxf3 13. exf3 Qe6 14. Qe4 Be7 15. h4 Na5 16. Qd5 Qa6 17. Qb5+ Qxb5 18. cxb5 c5 19. bxc6 Nxc6 20. Bb5 a6 21. Bd3 0-0 22. Be4 Rfe8 23. Kd2 Na5 24. Bd5 Rad8 25. Ba2 Bf8 26. e6 fxe6 27. Bc7 Nc6 28. Bxd8 Nxd8 29. Rac1 Nc6 30. f4 g6 31. Rhe1 Kf7 32. Re4 Bd6 33. Rce1 Nd8 34. Rxd4 Bc5 35. Rd7+ Kf6 36. Ke2 h5 37. Red1 Be7 38. Kf3 a5 39. Rc7 b6 40. Rdd7 Bc5 41. Rc8 Be7 42. Rb8 1-0

[Event "Madrid-ch"]
[Site "Madrid"]
[Date "2008.02.26"]
[Round "1.2"]
[White "De la Fuente Gonzalez, Francisco"]
[Black "Blanco Sanchez, Jose Fernando"]
[Result "1/2-1/2"]
[WhiteElo "2226"]
[BlackElo "2155"]
[PlyCount "99"]
[EventDate "2008.02.26"]
[EventType "swiss"]
[EventRounds "11"]
[EventCountry "ESP"]
[SourceTitle "EXT 2024"]
[Source "ChessBase"]
[SourceDate "2023.10.10"]
[SourceVersion "1"]
[SourceVersionDate "2023.10.10"]
[SourceQuality "1"]

1. c4 d6 2. Nc3 e5 3. g3 Nc6 4. Bg2 g6 5. Nf3 Bg7 6. 0-0 Nge7 7. d3 0-0 8. Rb1 f5 9. Bg5 h6 10. Bxe7 Nxe7 11. Nd5 c6 12. Nxe7+ Qxe7 13. b4 Kh7 14. b5 c5 15. Nd2 f4 16. Ne4 h5 17. a4 Bg4 18. Nc3 h4 19. Ne4 fxg3 20. hxg3 Bh6 21. Qe1 hxg3 22. Nxg3 Qh4 23. e3 Rf3 24. Ne4 Kg7 25. Qa5 b6 26. Qa6 Bc8 27. Bxf3 Bxa6 28. bxa6 Rf8 29. Bg2 Bg5 30. a5 Bd8 31. Nxd6 e4 32. axb6 axb6 33. dxe4 Bc7 34. e5 Qe7 35. a7 Qxe5 36. a8Q Rxa8 37. Bxa8 Qxd6 38. Rfd1 Qh2+ 39. Kf1 g5 40. Ke2 Qe5 41. Rd7+ Kf6 42. Rh1 g4 43. Rh6+ Kg5 44. Rd5 Kxh6 45. Rxe5 Bxe5 46. Kd3 Kg5 47. Bb7 Bh2 48. Ke4 Bg1 49. f4+ gxf3 50. Kxf3 1/2-1/2

[Event "Madrid-ch sf-B"]
[Site "Madrid"]
[Date "2008.01.19"]
[Round "5"]
[White "Blanco Sanchez, Jose Fernando"]
[Black "Lopez de Turiso, Jose Angel"]
[Result "1/2-1/2"]
[WhiteElo "2166"]
[BlackElo "2153"]
[PlyCount "106"]
[EventDate "2008.01.10"]
[EventType "swiss"]
[EventRounds "9"]
[EventCountry "ESP"]
[SourceTitle "EXT 2010"]
[Source "ChessBase"]
[SourceDate "2010.11.25"]
[SourceVersion "1"]
[SourceVersionDate "2010.11.25"]
[SourceQuality "1"]

1. e4 e5 2. Nf3 Nc6 3. Bc4 Nf6 4. d3 Bc5 5. c3 d6 6. b4 Bb6 7. 0-0 0-0 8. a4 a5 9. b5 Ne7 10. Be3 c6 11. Bxb6 Qxb6 12. Qb3 d5 13. bxc6 Qxb3 14. Bxb3 dxe4 15. cxb7 Bxb7 16. Nxe5 exd3 17. Nxd3 Rac8 18. Re1 Ng6 19. c4 Be4 20. Nc1 Nh4 21. f3 Bxf3 22. gxf3 Nxf3+ 23. Kf2 Nxe1 24. Kxe1 Rfe8+ 25. Kf1 Ng4 26. Ra2 Ne3+ 27. Kf2 Rc5 28. Nd2 Ng4+ 29. Kg3 h5 30. Nf3 Re6 31. Re2 Ne3 32. Kf2 Ng4+ 33. Kg3 Ne3 34. Nd3 Rf5 35. h4 Nf1+ 36. Kf2 Rxe2+ 37. Kxe2 Rxf3 38. Kxf3 Nd2+ 39. Ke3 Nxb3 40. c5 Kf8 41. Ke4 Ke7 42. Kd5 f6 43. Nf4 g5 44. hxg5 fxg5 45. Nxh5 Kd7 46. Kc4 Nd2+ 47. Kb5 Ne4 48. Kb6 g4 49. c6+ Kc8 50. Nf4 Nc3 51. Kxa5 Kc7 52. Kb4 Nxa4 53. Kxa4 Kxc6 1/2-1/2

[Event "Madrid-ch sf-B"]
[Site "Madrid"]
[Date "2008.01.18"]
[Round "4"]
[White "Nieto de la Cruz, Julio"]
[Black "Blanco Sanchez, Jose Fernando"]
[Result "0-1"]
[WhiteElo "1857"]
[BlackElo "2166"]
[PlyCount "62"]
[EventDate "2008.01.10"]
[EventType "swiss"]
[EventRounds "9"]
[EventCountry "ESP"]
[SourceTitle "EXT 2010"]
[Source "ChessBase"]
[SourceDate "2010.11.25"]
[SourceVersion "1"]
[SourceVersionDate "2010.11.25"]
[SourceQuality "1"]

1. d4 Nf6 2. c4 e5 3. dxe5 Ne4 4. e3 Nc6 5. Nh3 Bb4+ 6. Bd2 Nxd2 7. Nxd2 Nxe5 8. Nf4 0-0 9. Be2 a5 10. 0-0 Ra6 11. Ne4 Rh6 12. a3 Be7 13. Nd5 f5 14. Ng3 Bc5 15. Nh5 c6 16. Ndf4 d6 17. Rc1 g6 18. Ng3 Qh4 19. h3 g5 20. Nxf5 Rxf5 21. g3 gxf4 22. gxh4 f3 23. Bd3 Rfh5 24. Be4 Rxh4 25. Qc2 Rxh3 26. Bxf3 Nxf3+ 27. Kg2 Nh4+ 28. Kg1 Bf5 29. Qxf5 Nxf5 30. Kg2 Rh2+ 31. Kg1 Nxe3 0-1